Color y Creatividad (Registro nro. 30872)
[ vista simple ]
| 000 -CABECERA | |
|---|---|
| Longitud fija campo de control | 01152nam a2200217 a 4500 |
| 003 - • IDENTIFICADOR DELl NÚMERO DE CONTROL | |
| Identificador del número de control | CO-ViMGA |
| 008 - • CÓDIGOS DE INFORMACIÓN DE LONGITUD FIJA | |
| Códigos de información de longitud fija | 141112s2004 ck r 000 u spa d |
| 040 ## - FUENTE DE LA CATALOGACIÓN | |
| Centro catalogador de origen | CO-ViMGA |
| Lengua de catalogación | spa |
| Centro transcriptor | CO-ViMGA |
| 082 04 - • NÚMERO DE LA CLASIFICACIÓN DECIMAL DEWEY | |
| Número de clasificación (R) | 752 M177c |
| 100 1# - • PUNTO DE ACCESO PRINCIPAL-NOMBRE DE PERSONA | |
| Nombre de persona | Martín Roing, Gabriel |
| 245 10 - • TITULO PROPIAMENTE DICHO | |
| Título | Color y Creatividad |
| 300 ## - • DESCRIPCIÓN FÍSICA | |
| Extensión | 64 |
| 490 ## - • MENCIÓN DE SERIE | |
| Mención de serie | Guias para principiantes |
| 505 ## - • NOTA DE CONTENIDO CON FORMATO | |
| Nota de contenido con formato | Percepción e Interpretación : El circulo de cromático, contrastes de gama, mezclar el color sobre soporte, el color transmite y crea espacio, armonias de color, paidaje con colores de clave alta, Bodegón con contrastes de complementarios 6 - 29 - - Ejercicios prácticos : Bodegón con una gama de colores cálidos, cuadernos de efectos una pera con colores calidos, el impacto del color, paisaje con colores cortados, bodegon con colores complementarios, interior con colores de clave alta, la experiencia del retrato 30 - 62 |
| 590 ## - NOTAS LOCALES | |
| Nota local | Forma de adquisición : Compra - - Precio : 78.000 - - Proveedor : Dismet - - Fecha de adquisición : 2008 |
| 650 14 - • PUNTO DE ACCESO ADICIONAL DE MATERIA - TÉRMINO DE MATERIA | |
| Término de materia o nombre geográfico como elemento inicial | COLOR |
| 650 14 - • PUNTO DE ACCESO ADICIONAL DE MATERIA - TÉRMINO DE MATERIA | |
| Término de materia o nombre geográfico como elemento inicial | PINTURA |
| 942 ## - ENTRADA DE ELEMENTOS AGREGADOS (KOHA) | |
| Fuente de clasificaión o esquema | Dewey Decimal Classification |
| Koha [por defecto] tipo de item | LIbro |
| Perdido | Fuente de clasificación o esquema | Estado Físico | No para préstamo | Forma de adquisición | Localización permanente | Localización actual | Fecha adquisición | Serie de enumeración / cronolog&íacute;a | Préstamos totales | Renovaciones totales | Signatura completa | Código de barras | Fecha última consulta | Fecha último préstamo | Número de copia | Fecha del precio de reemplazo | Tipo de item de Koha |
|---|---|---|---|---|---|---|---|---|---|---|---|---|---|---|---|---|---|
| Dewey Decimal Classification | Sala General Segundo Piso | Biblioteca Pública Germán Arciniegas - Villavicencio | Biblioteca Pública Germán Arciniegas - Villavicencio | 12/04/2015 | Volumen. 1 | 11/jun/2009 | 1 | 2 | 752 M177c | 22571 | 06/29/2017 | 05/30/2017 | Ej. 1 | 12/04/2015 | LIbro |